In control Ms Wiz? / (Record no. 59092)

MARC details
000 -LEADER
fixed length control field 00955nam a2200229 a 4500
005 - DATE AND TIME OF LATEST TRANSACTION
control field 2011120809039.0
010 ## - LCCN (DPL NO)
LC control number B-444529
020 ## - INTERNATIONAL STANDARD BOOK NUMBER
International Standard Book Number 9788184971750
Terms of availability 65.00
035 ## - SYSTEM CONTROL NUMBER
System control number B-444529
037 ## - SOURCE OF ACQUISITION
Source of stock number/acquisition Blueberry Books/Ven
082 ## - DEWEY DECIMAL CLASSIFICATION NUMBER
Classification number S
100 ## - MAIN ENTRY--PERSONAL NAME
Personal name Blacker, Terence
245 ## - TITLE STATEMENT
Title In control Ms Wiz? /
Statement of responsibility, etc by Terence Blacker; illustred by Tony Ross
260 ## - PUBLICATION, DISTRIBUTION, ETC. (IMPRINT)
Place of publication, distribution, etc New Delhi
Name of publisher, distributor, etc BPI India
Date of publication, distribution, etc 2011
270 ## - ADDRESS
Address F-213/A, Ground Floor, Old Mehrauli Badarpur Road, Lado Sarai,
City New Delhi
Postal code 110030
300 ## - PHYSICAL DESCRIPTION
Extent 59p. ;
Dimensions 18cm. (pbk)
Other physical details ill.
700 ## - ADDED ENTRY--PERSONAL NAME
Personal name Ross, Tony
9 (RLIN) 36612
856 ## - ELECTRONIC LOCATION AND ACCESS
Materials specified Table of contents
Uniform Resource Identifier http://www.loc.gov/catdir/toc/ecip0516/2005020735.html
942 ## - ADDED ENTRY ELEMENTS (KOHA)
Source of classification or shelving scheme Dewey Decimal Classification
Item type Children Books
Call number suffix BLA
Classification part S
Holdings
Withdrawn status Lost status Not for loan Collection code Home library Current library Date acquired Source of acquisition Cost, normal purchase price Full call number Barcode Copy number Cost, replacement price Koha item type
      Fiction Sarojini Nagar Sarojini Nagar 12/01/2012 Blueberry /7042/29.9.2011/83/21.3.2011/12.10.2011 65.00 S BLA B-444529 1 65.00 Children Books

© Delhi Public Library
Hit Counter
free hit counter